Rafi Ahmad Kidwai : (Record no. 38052)

MARC details
000 -LEADER
fixed length control field 00730nam a22001937a 4500
005 - DATE AND TIME OF LATEST TRANSACTION
control field 20100728121516.0
010 ## - LCCN (DPL NO)
LC control number ENG- 96988
020 ## - INTERNATIONAL STANDARD BOOK NUMBER
International Standard Book Number 9788123756073
Terms of availability 65.00
035 ## - SYSTEM CONTROL NUMBER
System control number EN- 80522
037 ## - SOURCE OF ACQUISITION
Source of stock number/acquisition DBAD/PUB
082 ## - DEWEY DECIMAL CLASSIFICATION NUMBER
Classification number 954.035
100 ## - MAIN ENTRY--PERSONAL NAME
Personal name Jain , Ajit Prasad
245 ## - TITLE STATEMENT
Title Rafi Ahmad Kidwai :
Remainder of title a memoir of his life and times /
Statement of responsibility, etc by Ajit Prasad Jain
260 ## - PUBLICATION, DISTRIBUTION, ETC. (IMPRINT)
Place of publication, distribution, etc New Delhi
Name of publisher, distributor, etc National Book Trust
Date of publication, distribution, etc 2009
270 ## - ADDRESS
Address Nehru Bhawan, 5 Institutional Area, Phase -2
City New Delhi
Postal code 110070
300 ## - PHYSICAL DESCRIPTION
Extent xii,158p.
Dimensions 22 cm (pbk)
942 ## - ADDED ENTRY ELEMENTS (KOHA)
Source of classification or shelving scheme Dewey Decimal Classification
Item type English Books
Classification part 954.035
Call number suffix JAI
Holdings
Withdrawn status Lost status Not for loan Collection code Home library Current library Date acquired Source of acquisition Cost, normal purchase price Full call number Barcode Copy number Cost, replacement price Koha item type
    Not For Loan Non-fiction D.B.Act.Division D.B.Act.Division 28/07/2010 DBAD/PUB 65.00 954.035 JAI EN-80521 1 65.00 English Books

© Delhi Public Library
Hit Counter
free hit counter